000
00218 a2200097 4500
001
17590
100
_a
Haffner J
245
_a
Radiation and shielding in space
260
_a
_b
Academic Press
_c
090
_c
12982
_d
12982
942
_a
NUST-CAE
_c
M
_c
3316
999
_c
252663
_d
252663